Computer networks / (Record no. 71817)
[ view plain ]
| 000 -LEADER | |
|---|---|
| fixed length control field | 00709nam a2200241 a 4500 |
| 001 - CONTROL NUMBER | |
| control field | 71817 |
| 003 - CONTROL NUMBER IDENTIFIER | |
| rucl marc code | BD-RjUL |
| 005 - DATE AND TIME OF LATEST TRANSACTION | |
| control field | 20211209082151.0 |
| 008 - FIXED-LENGTH DATA ELEMENTS--GENERAL INFORMATION | |
| fixed length control field | 170508r20062002ii a|||| |||| 001 0 eng d |
| 020 ## - INTERNATIONAL STANDARD BOOK NUMBER | |
| International Standard Book Number | 8176566098 |
| 035 ## - SYSTEM CONTROL NUMBER | |
| System control number | (BD-RjUL)72033 |
| 040 ## - CATALOGING SOURCE | |
| Original cataloging agency | BD-RjUL |
| Language of cataloging | eng |
| Transcribing agency | BD-RjUL |
| 041 ## - LANGUAGE CODE | |
| Language code of text/sound track or separate title | eng |
| 082 ## - DEWEY DECIMAL CLASSIFICATION NUMBER | |
| Classification number | 004.6 |
| Author mark and year | JAC 2006 |
| Edition number | 23 |
| 100 ## - MAIN ENTRY--PERSONAL NAME | |
| Personal name | Madhulika, Jain |
| 9 (RLIN) | 212443 |
| 245 ## - TITLE STATEMENT | |
| Title | Computer networks / |
| Statement of responsibility, etc. | Jain Madhulika, Vineeta Pillai, Satish Jain |
| 260 ## - PUBLICATION, DISTRIBUTION, ETC. (IMPRINT) | |
| Place of publication, distribution, etc. | New Delhi : |
| Name of publisher, distributor, etc. | BBP Publications, |
| Date of publication, distribution, etc. | 2002, [reprinted 2006] |
| 300 ## - PHYSICAL DESCRIPTION | |
| Pagination | xxv. 356 p. : |
| Illustrations | ill. ; |
| Size | 24 cm. |
| 650 ## - SUBJECT ADDED ENTRY--TOPICAL TERM | |
| Topical term or geographic name as entry element | Computer networks |
| 9 (RLIN) | 212444 |
| 700 ## - ADDED ENTRY--PERSONAL NAME | |
| Personal name | Pillai, Vineeta |
| Personal name | Jain, Satish |
| 942 ## - ADDED ENTRY ELEMENTS (KOHA) | |
| Source of classification or shelving scheme | Dewey Decimal Classification |
| Koha item type | Books |
| Lost status | Source of classification or shelving scheme | Damaged status | Not for loan | Collection code | Permanent Location | Current Location | Shelving location | Date acquired | Source of acquisition | Cost, normal purchase price | Total Checkouts | Full call number | Date last seen | Copy number | Koha item type |
|---|---|---|---|---|---|---|---|---|---|---|---|---|---|---|---|
| Dewey Decimal Classification | Not For Loan | Non-fiction | Central Library, University of Rajshahi | Central Library, University of Rajshahi | Reading Room | 16/08/2007 | Paragon Enterprises, Dhaka | 165.00 | 004.6 JAC 2006 | 08/05/2017 | C-1 | Books |